| 000 | 01328nam a2200253 a 4500 | ||
|---|---|---|---|
| 008 | 120416s1974 ||||||||||||||||| || u | ||
| 020 | _a0900442417 | ||
| 050 | _aHF 5635 Hop | ||
| 100 | _aHopwood, Anthony G | ||
| 245 | 1 | 0 | _aAccounting and human behaviour |
| 260 |
_aLondon : _bHaymarket Publishing _c1974 |
||
| 300 | _axiv, 213p. : ill. | ||
| 350 | _a0.00 | ||
| 490 | _aAccountancy age books | ||
| 490 | _v Modern finance series | ||
| 500 | _aBibliography | ||
| 650 | 0 | _aACCOUNTING--HANDBOOKS, MANUALS, ETC | |
| 650 | _aBUDGET IN BUSINESS | ||
| 995 |
_aTEXTBOOKS (SB) _D0.00 _e01368 _FCBU-SCHOOL TEXTBOOK COLLECTIONS _H1 _I0.00 _jSCHOOL TEXTBOOK _M4 _UAVAILABLE _WSep 23, 2009 _y01368 _ZSchool Collections |
||
| 995 |
_aBINDERY (DAMAGED) _D0.00 _e005723 _FCBU-MAIN LIBRARY (Kitwe) _H1 _I8.40 _jHF 5635 Hop _UDAMAGED _y005723 _ZMain Library Open Access Collection |
||
| 995 |
_aTEXTBOOKS (SB) _D0.00 _e01366 _FCBU-SCHOOL TEXTBOOK COLLECTIONS _H1 _I0.00 _jSCHOOL TEXTBOOK _M2 _UAVAILABLE _WSep 23, 2009 _y01366 _ZSchool Collections |
||
| 995 |
_aTEXTBOOKS (SB) _D0.00 _e01367 _FCBU-SCHOOL TEXTBOOK COLLECTIONS _H1 _I0.00 _jSCHOOL TEXTBOOK _M3 _UAVAILABLE _WSep 23, 2009 _y01367 _ZSchool Collections |
||
| 995 |
_aTEXTBOOKS (SB) _D0.00 _e01369 _FCBU-SCHOOL TEXTBOOK COLLECTIONS _H1 _I0.00 _jSCHOOL TEXTBOOK _M5 _UAVAILABLE _WSep 23, 2009 _y01369 _ZSchool Collections |
||
| 999 |
_c75588 _d75588 |
||